Statistics for Unrecognised Nations #2

Click here to take the quiz!

General Stats

  • This quiz has been taken 55 times
  • The average score is 3 of 10

Answer Stats

Country Situated InStarts withNation% Correct
SpainCCatalonia
86%
SerbiaKKosovo
82%
ChinaTTaiwan
73%
ChinaTTibet
59%
United KingdomSSealand
14%
IsraelAAkhzivland
8%
SerbiaLLiberland
8%
United StatesMMolossia
8%
AustriaKKugelmugel
6%
ItalySSeborga
6%

Score Distribution

Percentile by Number Answered

Percent of People with Each Score

Your Score History

You have not taken this quiz